Statistiken für Essen Allgemeinwissen #1 Einfach

Klicken Sie hier um das Quiz zu spielen!

Allgemein

  • Dieses Quiz wurde 2.733 mal gespielt
  • Das Durchschnittsergebnis liegt bei 14 aus 15

Antwortstatistiken

FrageAntwort% Korrekt
Was essen Vegetarier nichtFleisch und Fisch
99%
Von welchem Tier kommt SchinkenSchwein
99%
Wie heißt das Orangene Getränk was von Coca-Cola im Jahr 1940 erfunden wurdeFanta
98%
Wie heißt die Bekannte Gummibären Marke aus DeutschlandHaribo
98%
Was ist eine süße Zutat die man oft in Kuchen verwendetZucker
98%
Wie heißt die bekannte Schokoladen Marke mit der lilanen KuhMilka
97%
Wie heißt das bekannte Gericht aus Italien mit Teig, Tomatensoße, Käse und anderen BelägenPizza
97%
Was Produziert eine KuhMilch
96%
Welches süße Gebäck wird oft an Hochzeiten gegessenKuchen oder Torte
95%
Verfolständige die Redewendung: Geh dahin wo der _____ wächstPfeffer
87%
Was für ein Getränk macht Red-BullEnergy Drinks
83%
Wie heißen die Nüsse die unter der Erde wachsenErdnüsse
83%
Als was für ein essen werden Deutsche auch oft BezeichnetDeutsche Kartoffel
81%
Unter was wird NaCl auch verstandenKochsalz
77%
Wie heißt das süße Gebäck von SimpsonsDonut
71%

Verteilung der Resultate

Perzentil nach korrekt beantworteten Fragen

Anzahl Personen mit jedem Resultat

Ihre Resultats-Entwicklung

Sie haben dieses Quiz noch nicht gespielt